00738nam a2200193 a 450000100060000000300080000600500170001400800410003103500510007204000270012304100080015008200260015810000200018424501080020426001020031230000340041450400400044865000560048843333BD-RjUL20211209053702.0160621s1961 enk 001 0 eng d a(BD-RjUL)43451aOCLC ocm02227589 from D950817M aDLCcOBEdBD-RjULbeng aeng a371.214223bFUC 19611 aFurneaux, W. D.14aThe chosen few :ban examination of some aspects of university selection in Britain /cby W.D. Furneaux aLondon ;aNew York :bPublished for the Nuffield Foundation by the Oxford University Press,c1961 aviii, 245 p. :bill. ;c22 cm aIncludes bibliographical references 0aUniversities and collegeszGreat BritainxAdmission